| 000 | 01057cam a2200181 4500500 | ||
|---|---|---|---|
| 005 | 20251228095055.0 | ||
| 041 | _afre | ||
| 042 | _adc | ||
| 100 | 1 | 0 |
_aBouit, Delphine _eauthor |
| 245 | 0 | 0 | _aTémoignage anonyme : le secret lié à la vérité ? |
| 260 | _c2019. | ||
| 500 | _a81 | ||
| 520 | _aSi le renseignement anonyme révèle mal le secret, le témoignage anonyme associerait la vérité au secret. Une affaire de règlement de compte sert à illustrer cette perspective. | ||
| 520 | _aIf anonymous information does not disclose a secret properly, anonymous evidence links truth to secrecy. A case of settling scores serves to illustrate this point of view. | ||
| 520 | _aFace à informação anónima, que revela inadequadamente o segredo, poderá o testemunho anónimo associar verdade e segredo? Uma história de ajuste de contas permitirá ilustrar esta perspectiva. | ||
| 786 | 0 | _nSigila | 43 | 1 | 2019-04-30 | p. 137-141 | 1286-1715 | |
| 856 | 4 | 1 | _uhttps://shs.cairn.info/revue-sigila-2019-1-page-137?lang=fr&redirect-ssocas=7080 |
| 999 |
_c1605517 _d1605517 |
||